Vista normal Vista MARC

Entrada Topical Term

Número de registros utilizados en: 1

001 - CONTROL NUMBER

  • control field: 2930

003 - CONTROL NUMBER IDENTIFIER

  • control field: OSt

005 - DATE AND TIME OF LATEST TRANSACTION

  • control field: 20200413121314.0

008 - FIXED-LENGTH DATA ELEMENTS

  • fixed length control field: 200413|| aca||aabn | a|a d

040 ## - CATALOGING SOURCE

  • Original cataloging agency: OSt
  • Transcribing agency: OSt

150 ## - HEADING--TOPICAL TERM

  • Topical term or geographic name entry element: Desplazamiento forzado

670 ## - SOURCE DATA FOUND

  • Source citation: Work cat.: (OSt)3689: Rodríguez, Verónica, Transcripción de textos 2928, Derechos humanos en Colombia, veinticinco años itinerario de una historia : , 2004